000 00468nam a2200181Ia 4500
001 20624
005 20260306172819.0
008 260306t2011||||xx |||||||||||||| ||spa||
041 _aESP
082 _a343.6
_bA58
100 _aAnchával, Hugo
_eAUT
245 0 _aInsolvencia del consumidor:
_bsobreendeudamiento de personas físicas
260 _c2011
300 _axxiii, 308 páginas :
_c23 cm.
650 _aGEN
654 _aCDE
942 _cLIB
_dJUS
_fJUS
_2ddc
_n
999 _c20624
_d20624